01094 2200349 4500001002100000005001500021007000300036008004100039020001800080035002000098040001700118041000800135082001100143084001800154090002600172100003600198245009200234250001300326264006500339300003700404336002100441337003000462338002300492500002900515650001400544700002900558700004400587700003700631700005100668850001000719990001500729INLIS00000000000762820260602092934ta260602 0  a979-8150-13-9 a0010-0922000117 aSBPUPADbInd07aInd a610.73 a610.73 ABD b a616.075.4 COR m L18-10 aAbdul Bari SaifuddinePengarang1 aBuku Panduang Praktis Pelayanan Kesehatan Maternal dan Neonatal /cAbdul Bari Saifuddin a.-Cet.12 a.--Jakarta; :bPT Bina Pustakan Sarwono Prawirohardjo,c2010 axxiv, 346 hlm :billus, ;c24 cm 2rdacontentateks 2rdamediaatanpa perantara 2rdacarrieravolume aIndeks, hlm. A-21 - A-26 4aKebidanan0 aDjoko WaspodoePengarang aEditor, Abdul Bari SaifuddinePengarang0 aEditor, Biran AffandiePengarang0 aEditor, Gulardi Hanifa WiknjosastroePengarang aPUPAD a847/B/2013